00350nam a2200133Ia 450000500170000000800410001708200150005810000260007324500320009926000490013130000120018065000110019265000130020320240731071357.0240331s9999 xx 000 0 und d a291.5bOBE aObeyesekere, Gananath 2aA Maditation on Conscience  aColombobSocial Scientists Associationc1988 a59 p ., aSocial aReligion